000
00245nam a22001097a 4500
082
_a
621.381528 SCH
100
_a
SCHURA,ALEXENDER
_9
56569
245
_a
BASIC TRANSISTORS
260
_a
NEW YORK
_b
JOHN RIDER
_c
1963
300
_a
145P
942
_c
BK
999
_c
566958
_d
566958